[Event "Vilnius School Rating"]
[Site "Vilnius"]
[Date "2008.06.14"]
[Round "9.1"]
[White "Knelis, Denis"]
[Black "Dzenkauskas, Jurgis"]
[Result "1/2-1/2"]
[WhiteElo "1909"]
[BlackElo "1891"]
[PlyCount "54"]
[EventDate "2008.04.21"]
[EventType "tourn"]
[EventRounds "9"]
[EventCountry "LTU"]
[SourceTitle "EXT 2024"]
[Source "ChessBase"]
[SourceDate "2023.10.10"]
[SourceVersion "1"]
[SourceVersionDate "2023.10.10"]
[SourceQuality "1"]

1. d4 Nf6 2. Nf3 e6 3. c4 c5 4. d5 exd5 5. cxd5 d6 6. Nc3 g6 7. e4 Bg7 8. Bd3 0-0 9. 0-0 Bg4 10. h3 Bxf3 11. Qxf3 Nbd7 12. Qe2 Re8 13. Qc2 a6 14. a4 Qc7 15. Be3 c4 16. Be2 Nc5 17. f3 Nb3 18. Ra3 Na5 19. Nb1 b5 20. axb5 axb5 21. Bd4 b4 22. Ra4 b3 23. Qc3 Nxd5 24. exd5 Bxd4+ 25. Qxd4 Rxe2 26. Nd2 Rc8 27. Ne4 f5 1/2-1/2

[Event "Vilnius School Rating"]
[Site "Vilnius"]
[Date "2008.04.25"]
[Round "2.2"]
[White "Urbanavicius, Rytis"]
[Black "Knelis, Denis"]
[Result "0-1"]
[WhiteElo "1726"]
[BlackElo "1909"]
[PlyCount "138"]
[EventDate "2008.04.21"]
[EventType "tourn"]
[EventRounds "9"]
[EventCountry "LTU"]
[SourceTitle "EXT 2024"]
[Source "ChessBase"]
[SourceDate "2023.10.10"]
[SourceVersion "1"]
[SourceVersionDate "2023.10.10"]
[SourceQuality "1"]

1. e4 c5 2. Nf3 e6 3. c3 d5 4. exd5 exd5 5. d4 Nf6 6. Bg5 Nbd7 7. Bd3 Be7 8. 0-0 0-0 9. Nbd2 h6 10. Bf4 Nh5 11. Be5 Nxe5 12. Nxe5 Nf4 13. Bc2 Qb6 14. Ndf3 cxd4 15. cxd4 Bf6 16. Qd2 Ne6 17. Rfd1 Ng5 18. Nxg5 Bxg5 19. Qd3 g6 20. Bb3 Rd8 21. Qf3 Be6 22. Ng4 Qd6 23. Ne3 Rac8 24. Rac1 Rxc1 25. Rxc1 Kg7 26. h3 Bf6 27. Qd1 Qf4 28. Qd2 Bxd4 29. Rd1 Bxe3 30. fxe3 Qg3 31. Kh1 Qe5 32. Qd4 Qxd4 33. Rxd4 Rd7 34. Kg1 Kf6 35. Kh2 Ke5 36. Kg3 Rc7 37. Kf3 f5 38. Rd1 b5 39. g3 a5 40. a4 bxa4 41. Bxa4 Rb7 42. Rd2 Rb4 43. Be8 g5 44. Bh5 Rb3 45. Kf2 Rb4 46. Bd1 Bd7 47. Bf3 d4 48. exd4+ Rxd4 49. Rc2 Kd6 50. Bg2 Bb5 51. Bh1 f4 52. g4 Rd3 53. Bg2 Ba4 54. Rc8 Rd2+ 55. Kg1 Rxb2 56. Rh8 Rb5 57. Rxh6+ Ke5 58. Rg6 Kd4 59. Rd6+ Kc3 60. Rc6+ Kb4 61. Bf1 Rc5 62. Re6 Bb5 63. Re4+ Bc4 64. Kg2 a4 65. Bd3 a3 66. Bb1 Kb3 67. Re8 Kb2 68. Re1 Bd5+ 69. Kh2 Rc1 0-1